header

Style and social identities (Record no. 12810)

MARC details
000 -LEADER
fixed length control field 01567nam a2200385 a 4500
082 04 - DEWEY DECIMAL CLASSIFICATION NUMBER
Classification number 410
245 00 - TITLE STATEMENT
Title Style and social identities
260 ## - PUBLICATION, DISTRIBUTION, ETC. (IMPRINT)
Place of publication Berlin ;
-- New York :
Name of publisher Mouton de Gruyter,
Year of publication c2007.
300 ## - PHYSICAL DESCRIPTION
Number of Pages viii, 513 p.
490 1# - SERIES STATEMENT
Series statement Language, power, and social process ;
650 #0 - SUBJECT ADDED ENTRY--TOPICAL TERM
Topical Term Language and languages
Topical Term Language and languages
Topical Term Group identity.
Topical Term Identity (Psychology)
700 1# - ADDED ENTRY--PERSONAL NAME
Personal name Auer, Peter,
856 40 - ELECTRONIC LOCATION AND ACCESS
Uniform Resource Identifier http://site.ebrary.com/lib/rucke/Doc?id=10256479

No items available.

© 2026 Rongo University
Contact us: librarian | system librarian | Rongo university